Property Factors (Scotland) Bill (Record no. 110837)

MARC details
000 -LEADER
fixed length control field 01073cad a22002415a 4500
001 - CONTROL NUMBER
control field E150344
008 - FIXED-LENGTH DATA ELEMENTS--GENERAL INFORMATION
fixed length control field 100701s2010 xxk f s000 0 eng d
020 ## - INTERNATIONAL STANDARD BOOK NUMBER
International Standard Book Number 9781406164985
035 ## - SYSTEM CONTROL NUMBER
System control number (Sirsi) u150344
041 0# - LANGUAGE CODE
Language code of text/sound track or separate title eng
110 2# - MAIN ENTRY--CORPORATE NAME
Corporate name or jurisdiction name as entry element Scotland
Subordinate unit Scottish Government
9 (RLIN) 5344
245 00 - TITLE STATEMENT
Title Property Factors (Scotland) Bill
Remainder of title (as introduced)
Medium [electronic resource]
260 ## - PUBLICATION, DISTRIBUTION, ETC.
Place of publication, distribution, etc. [Edinburgh]
Name of publisher, distributor, etc. Scottish Parliamentary Corporate Body
Date of publication, distribution, etc. 2010
490 #0 - SERIES STATEMENT
Series statement SP Bill
Volume/sequential designation (51)
520 ## - SUMMARY, ETC.
Summary, etc. A Bill introduced on 1 June 2010 which seeks to set up a register of property factors and to require registration of property factors. Also makes provision in relation to the resolution of disputes between homeowners and property factors, and associated purposes.
521 ## - TARGET AUDIENCE NOTE
Target audience note Advanced
590 ## - LOCAL NOTE (RLIN)
Local note KA
650 24 - SUBJECT ADDED ENTRY--TOPICAL TERM
Topical term or geographic name entry element PROPERTY FACTORS (SCOTLAND) BILL
651 #4 - SUBJECT ADDED ENTRY--GEOGRAPHIC NAME
Geographic name Scotland
Chronological subdivision 1999-
690 ## - LOCAL SUBJECT ADDED ENTRY--TOPICAL TERM (OCLC, RLIN)
Topical term or geographic name as entry element Landlord and tenant
9 (RLIN) 6252
856 40 - ELECTRONIC LOCATION AND ACCESS
Uniform Resource Identifier <a href="https://www.scottish.parliament.uk/s3/bills/51-PropertyFactors/index.htm">https://www.scottish.parliament.uk/s3/bills/51-PropertyFactors/index.htm</a>
Public note View the Bill free of charge at www.scottish.parliament.uk...
942 ## - ADDED ENTRY ELEMENTS (KOHA)
Suppress in OPAC 0
Holdings
Withdrawn status Lost status Source of classification or shelving scheme Damaged status Not for loan Home library Current library Shelving location Date acquired Total Checkouts Full call number Barcode Date last seen Copy number Price effective from Koha item type
    Dewey Decimal Classification     Virtual Virtual Online 02/07/2010   ONLINE PUBLICATION 150344-2001 06/08/2019 1 06/08/2019 Book